000 00792nam a2200265Ia 4500
003 OSt
005 20220926015012.0
006 a|||||r|||| 00| 0
007 ta
008 220923b |||||||| |||| 00| 0 eng d
020 _a0870142089
037 _cGeneral Book
040 _aRTL
_cRTL
_beng
041 _2eng
_aeng
082 _aX:54:(F).1.N7, L0
100 _aVernon Raymond Ed.
_9286053
245 0 _aTechnology factor in international trade
_b A confer
260 _aNew York
_bNBER
_c1970
300 _ax, 493p
_ccm.
490 _aUniversites National Bureau Conference Series
500 _aBibliography at the end of each chapter
650 _aAustralia
942 _hX:54:(F).1.N7, L0
_cGB
_2CC
999 _c630346
_d630346